000 00743cam a2200217 a 4500
001 000013220
005 20200929163152.0
008 990621s1999 mx b 001 0 spa
020 _a9688566764
040 _aDO-SdBNP
_bspa
_cDLC
_dBNPHU
082 _a355.0372
_bE366
245 0 0 _aEl ejército y la constitución mexicana /
_cJorge Luis Sierra Guzmán, (coordinador).
260 _aMéxico :
_bPlaza y Valdes,
_c1999.
300 _a134 p. ;
_c21 cm.
504 _aIncluye referencias bibliográficas.
650 4 _aSeguridad nacional
_xDerecho y legislación
_zMéxico
_930342
650 4 _aLey militar
_zMéxico
_930343
651 4 _aMéxico
_xFuerzas Armadas
_930344
910 _aCatalogación por copia / LC
999 _a1
_n0000141
_c12853
_d12853
049 _aBNGR